| 000 | 00329nam a2200133Ia 4500 | ||
|---|---|---|---|
| 100 | _aTobery - graeme-Huelsman | ||
| 942 | _cBK | ||
| 654 | _aoperational | ||
| 245 | _aOperational amplifiers : Design and applications | ||
| 260 |
_bMcGraw Hill _aAuckland _c1981 |
||
| 082 |
_a621.3815 _bTOB |
||
| 300 | _a1981 | ||
| 546 | _aENGLISH | ||
| 999 |
_c31767 _d31767 |
||